000 01845nam a2200241 a 4500
001 000000768
005 20250621074003.0
008 090509s2003 dr 000 0 spa d
040 _aDO-SdBNP
_bspa
_cBNPHU
082 _a324.97293
_bF359v
100 1 _aFermín Montaño, Víctor
_92625
245 1 0 _aVoto culpable del subdesarrollo dominicano /
_cVíctor Fermín Montaño.
260 _aSanto Domingo :
_b[s.n.],
_c2003.
300 _a277 p. ;
_c21 cm.
504 _aIncluye referencias bibliográficas y notas al pie de las páginas
505 2 _tIntroducción --
_tPrimera parte --
_gCapítulo 1.--
_tLa virtud del voto dominicano --
_gCapítulo 2. --
_tDiversidad del voto dominicano --
_gCapítulo 3. --
_tRaíces histórico-culturales del voto desinterasado dominicano --
_gCapítulo 4.--
_tConversión del voto desinteresado --
_gSegunda parte --
_gCapítulo 5.--
_tLa política producto de la evolución socio-humana --
_gCapítulo 6.--
_tCaracterísticas negativas del sistema de partido en República Dominicana --
_gCapítulo 7. --
_tEvaluación de los candidatos a funcionarios públicos --
_gCapítulo 8.--
_tEl Estado como concepto sociopolítico --
_gCapítulo 9.--
_tProgresismo: metodología para las exigencias de las sociedades al estado --
_gTercera parte --
_gCapítulo 10.--
_tLa sociedad como concepto sociopolítico --
_gCapítulo 11.--
_tLa autoridad como concepto sociopolítico --
_gCapítulo 12 --
_tRevocacionismo: próximo paso probable en el proceso evolutivo de la democracia capitalista --
_tFuentes bibliográficas.
590 _aInventariado, 2018/BT
650 4 _aVoto
_zRepública Dominicana
_xHistoria
_92626
651 4 _aRepública Dominicana
_xHistoria
_9170
651 0 _aRepública Dominicana
_xPolítica y gobierno
_945
651 4 _aRepública Dominicana
_xPolítica Social
_92627
910 _aValidado. Control de calidad. MMOLINA
999 _c764
_d764